El modo de entender la perspectiva

Bibliographic Details
Main Author: Vero, Radu
Format: Section = Libro
Language:Undetermined
Spanish
Published: México Gustavo Gili 1981
Subjects:
LEADER 00477nam a2200193Ia 4500
008 240829s9999 xx 000 0 und d
020 |a 968-6085-42-4 
040 |a BIBLIOTECA-RUSB/ 742 V546 
041 |a spa 
082 |a 742 V546 
100 1 |a Vero, Radu 
245 1 0 |a El modo de entender la perspectiva 
260 |a México  |b Gustavo Gili  |c 1981 
300 |a 190 p. :il. 
650 7 |a PERSPECTIVA 
650 7 |b  DIBUJO GEOMETRICO 
942 |c BK  |2 ddc 
991 |a TEXTO 
999 |c 5426